000 01165nam a22002537a 4500
003 OSt
005 20210315101144.0
008 210315s1974 ck a|||gr|||| 00| 0 spa d
020 _a9789586642606
040 _aCO-JMCR
_cCO-JMCR
041 0 _aspa
082 0 4 _a986.102 /
_bD963e
_223
100 1 _aDurán y Díaz, Joaquín,
_eautor
_936071
245 1 0 _aEstado general de todo el Virreynato de Santafé de Bogotá :
_bvalores de las reales rentas, empleados, sueldos, exercito, y otras noticias curiosas que dan una idea de su población y comercio : en el presente año de 1794 /
_clo da a luz Don Joaquín Duran y Diaz ; prólogo Malcolm Deas
260 _aBogotá :
_bBanco de la República,
_c1974
300 _aix, [11] páginas plegadas, 482 páginas :
_bilustraciones a blanco y negro;
_c16 cm.
490 0 _aArchivo de la Economía Nacional. Colección Bicentenario
500 _aIncluye notas a pie de página.
650 1 4 _aVirreinato del Nuevo Reino de Granada
_y1739-1810
_936072
651 4 _aColombia
_xHistoria
_y1794
_936073
651 4 _aColombia
_xComercio
_y1794
_936074
700 1 _aDeas, Malcolm,
_eprologuista
_93252
942 _2ddc
_cBK
999 _c15370
_d15370